Central Library and Information Centre
Sibsagar Girls' College, Sivasagar : Assam

ENGLISH LITERARY CRITICISM: 17TH AND 18TH CENTURIES (Record no. 21945)

MARC details
000 -LEADER
fixed length control field 00413cam a2200157ua 4500
008 - FIXED-LENGTH DATA ELEMENTS--GENERAL INFORMATION
fixed length control field 160729n enk |||gr||||Z||||||eng
040 ## - CATALOGING SOURCE
Original cataloging agency MAIN
041 ## - LANGUAGE CODE
-- English
082 ## - DEWEY DECIMAL CLASSIFICATION NUMBER
Classification number 809 ATK
100 ## - MAIN ENTRY--PERSONAL NAME
Personal name ATKINS, J.W.H.,
Relator term AUTHOR.,
245 ## - TITLE STATEMENT
Title ENGLISH LITERARY CRITICISM: 17TH AND 18TH CENTURIES
260 ## - PUBLICATION, DISTRIBUTION, ETC.
Place of publication, distribution, etc. LONDON:
Name of publisher, distributor, etc. METHUEN & CO. LTD. .,
Date of publication, distribution, etc. 1963.
942 ## - ADDED ENTRY ELEMENTS (KOHA)
Koha item type Books
653 ## - INDEX TERM--UNCONTROLLED
Uncontrolled term Criticism Literature
Holdings
Withdrawn status Lost status Damaged status Not for loan Collection code Home library Current library Shelving location Date acquired Full call number Barcode Date last seen Copy number Price effective from Koha item type Public note
        TBENG Central Library and Information Centre Sibsagar Girls College Central Library and Information Centre Sibsagar Girls College ENGLISH BOOK RACK 19.04.1967 809 ATK 00235 27.02.2020 1 27.02.2020 Books V


Sibsagar Girl's College © 2020. All rights reserved.
Powered by Koha.
Maintained by Abhijit Borpuzari.